Statistics for Spanish Phrases

Click here to take the quiz!

General Stats

  • This quiz has been taken 8,757 times
    (8,750 since last reset)
  • The average score is 14 of 21

Answer Stats

SpanishEnglish% Correct
AdiosGoodbye
99%
Por favorPlease
97%
¿Hablas inglés?Do you speak English?
91%
No comprendoI don't understand
87%
Te amoI love you
87%
¿Cómo te va?How are you?
83%
De nadaYou're welcome
81%
VamonosLet's go
77%
PerdónSorry
74%
No séI don't know
73%
Abre la puertaOpen the door
70%
¿Cuánto cuesta?How much does it cost?
64%
¿Quién es?Who is it?
64%
Tengo hambreI'm hungry
63%
Me gusta eseI like that one
62%
¿De dónde vienes?Where did you come from?
52%
Estamos listosWe're ready
46%
De acuerdoAgreed
42%
Gusto conocerteNice to meet you
41%
¡Socorro!Help!
29%
Voy de caminoI'm on the way
20%

Score Distribution

Percentile by Number Answered

Percent of People with Each Score

Your Score History

You have not taken this quiz since the last reset